ŠVOČ 55 : 55th international student´s scientific conference, volume of articles. Zvolen 6th May 2014

Salvato in:
Dettagli Bibliografici
Natura: Libro
Pubblicazione: Zvolen : Technical University in Zvolen, 2014
Soggetti:
Tags: Aggiungi Tag
Nessun Tag, puoi essere il primo ad aggiungerne!!

MARC

LEADER 00000nam a22000003a 4500
001 stu292020
005 20150408162820.1
008 140620s2014----xo----------------------d
020 |a 978-80-228-2568-9 
040 |a STU  |b slo 
041 0
044 |a xo 
245 |a ŠVOČ 55 :  |b 55th international student´s scientific conference, volume of articles. Zvolen 6th May 2014 
260 |a Zvolen :  |b Technical University in Zvolen,  |c 2014 
300 |a 1 CD-ROM 
650 7 |a manažment  |2 stusub 
650 7 |a marketing  |2 estusub 
650 7 |a protipožiarna bezpečnosť  |2 stusub 
996 |b 284M084382  |c M*CD-2406  |l MMKN  |s A  |a 24  |w stu292020_0001